000
00276nam a2200109Ia 4500
005
20251222144727.0
008
251222s9999||||xx |||||||||||||| ||spa||
082
_a
869.567/S18M
100
_a
"Salazar Bondy, Sebastián "
245
0
_a
Mil años de poesía peruana
942
_c
LIB
999
_c
18456
_d
18456